000 00553nam a2200169 i 4500
001 56607
003 ES-MaACL
005 20230906163417.0
007 t|
008 031010s1934 fr ||||1| fre d
245 0 0 _aDimitroff contre Goering
_b: 2e livre brun.
260 _aParis :
_bÉditions du Carrefour,
_c1934 (
_eSaint Amand :
_fR. Bussiére)
300 _a356 p. :
_bil. facs. ;
_c19 cm.
600 1 4 _aDimitrov, Georgi (
_d1882-1949)
_9155289
651 4 _aBerlín-
_xHistoria-
_y1933 (Incendio del Reichstag)
_9161123
852 _aES-MaACL
_jA-2564
999 _c56607
_d56607